Planning and oranization of adult literacy programmes in Africa (Record no. 35160)

MARC details
000 -LEADER
fixed length control field 00382nam a2200145Ia 4500
005 - DATE AND TIME OF LATEST TRANSACTION
control field 20240821151618.0
008 - FIXED-LENGTH DATA ELEMENTS--GENERAL INFORMATION
fixed length control field 240821s9999||||xx |||||||||||||| ||und||
082 ## - DEWEY DECIMAL CLASSIFICATION NUMBER
Classification number 374 SAW
100 ## - MAIN ENTRY--PERSONAL NAME
Personal name Sautoy, Peter du
245 #0 - TITLE STATEMENT
Title Planning and oranization of adult literacy programmes in Africa
260 ## - PUBLICATION, DISTRIBUTION, ETC.
Place of publication, distribution, etc. Paris
Name of publisher, distributor, etc. Unesco
Date of publication, distribution, etc. 1966
300 ## - PHYSICAL DESCRIPTION
Extent 127p
650 ## - SUBJECT ADDED ENTRY--TOPICAL TERM
Topical term or geographic name entry element Adult Education
942 ## - ADDED ENTRY ELEMENTS (KOHA)
Koha item type Book

No items available.